[Event "Goiania-ch Phase 03"]
[Site "Goiania"]
[Date "2014.08.09"]
[Round "4"]
[White "Garcia, Gabriel Gonzaga"]
[Black "Wilhelms, Diego Lima"]
[Result "1-0"]
[WhiteElo "1991"]
[BlackElo "2134"]
[PlyCount "103"]
[EventDate "2014.08.08"]
[EventType "swiss"]
[EventRounds "6"]
[EventCountry "BRA"]
[SourceTitle "CBM 162 Extra"]
[Source "ChessBase"]
[SourceDate "2014.10.17"]
[SourceVersion "1"]
[SourceVersionDate "2014.10.17"]
[SourceQuality "1"]

1. e4 c5 2. Nf3 d6 3. d4 cxd4 4. Nxd4 Nf6 5. Nc3 Nc6 6. Be3 Ng4 7. Nxc6 bxc6 8. Bd2 Qb6 9. Qf3 Qxb2 10. Rb1 Qa3 11. Nb5 Qxa2 12. Bc4 Ne5 13. Bxa2 Nxf3+ 14. gxf3 cxb5 15. Rxb5 e6 16. Be3 Be7 17. Kd2 0-0 18. Rhb1 Bd8 19. Rb8 Ba5+ 20. Kd1 Rxb8 21. Rxb8 Bc7 22. Ra8 a6 23. Bc4 a5 24. Ra7 Bd8 25. f4 h6 26. e5 d5 27. Bc5 Bb6 28. Bxb6 dxc4 29. Bxa5 Kh7 30. Kd2 Kg6 31. Kc3 f6 32. Bc7 Rf7 33. exf6 gxf6 34. Kxc4 e5 35. fxe5 fxe5 36. Bb6 Be6+ 37. Kb5 Rf4 38. Rc7 Rh4 39. c4 Rxh2 40. Be3 h5 41. Kc5 h4 42. Kd6 Kf5 43. c5 h3 44. Rh7 Bc8 45. c6 Ke4 46. Rh8 Bg4 47. Rh4 Kf3 48. Rxg4 Rg2 49. c7 Rxg4 50. c8Q h2 51. Qf5+ Rf4 52. Qh3+ 1-0

[Event "Goiania-ch Phase 02"]
[Site "Goiania"]
[Date "2014.05.23"]
[Round "2"]
[White "De Moura, Valderi Nascimento"]
[Black "Wilhelms, Diego Lima"]
[Result "1-0"]
[WhiteElo "1825"]
[BlackElo "2133"]
[PlyCount "145"]
[EventDate "2014.05.23"]
[EventType "swiss"]
[EventRounds "6"]
[EventCountry "BRA"]
[SourceTitle "EXT 2016"]
[Source "ChessBase"]
[SourceDate "2015.10.08"]
[SourceVersion "1"]
[SourceVersionDate "2015.10.08"]
[SourceQuality "1"]

1. e4 c5 2. Nf3 d6 3. c3 Nf6 4. Bb5+ Bd7 5. Qe2 Nc6 6. Na3 a6 7. Bxc6 Bxc6 8. d3 g6 9. Bg5 Bg7 10. Nc2 Rc8 11. Bxf6 Bxf6 12. 0-0 0-0 13. Rfd1 b5 14. d4 cxd4 15. Ncxd4 Bb7 16. e5 dxe5 17. Ne6 Qb6 18. Nxf8 Rxf8 19. Nxe5 Qe6 20. f4 g5 21. Qg4 Qb6+ 22. Kh1 Bxe5 23. fxe5 Kh8 24. Rd2 Qe3 25. Qd4 Qxd4 26. Rxd4 e6 27. Rad1 Bd5 28. h3 Kg7 29. a4 Bb3 30. R1d3 Rc8 31. axb5 axb5 32. Rg3 Kg6 33. Rf4 h6 34. Rf6+ Kg7 35. h4 Rc5 36. hxg5 Rxe5 37. Rxh6 Bd5 38. Rh4 Re2 39. b4 e5 40. Rh6 Be6 41. Rf6 Re1+ 42. Kh2 Rd1 43. Re3 Rd5 44. Kg3 e4 45. Kf4 Rd2 46. g3 Bd5 47. Rb6 Rf2+ 48. Ke5 Be6 49. Kxe4 Rf5 50. g6 Kxg6 51. Rb8 Kg7 52. Rd8 Rg5 53. Rd1 Kf8 54. Rf1 Ke7 55. Rf4 Kd6 56. Kf3 Bd5+ 57. Kf2 Be6 58. Ree4 Kc6 59. g4 Kd7 60. Ke3 Kd6 61. Rd4+ Ke7 62. Kf3 Bd5+ 63. Kg3 Be6 64. Kh4 Rg8 65. Rfe4 Rh8+ 66. Kg3 Rg8 67. Re5 Rc8 68. Rc5 Rb8 69. g5 Kf8 70. Kf4 Kg7 71. Ke5 Kg6 72. Kd6 Rb6+ 73. Kc7 1-0

[Event "Goiania-ch Phase 01"]
[Site "Goiania"]
[Date "2014.03.09"]
[Round "6"]
[White "Rocha, Arthur Ferreira"]
[Black "Wilhelms, Diego Lima"]
[Result "1-0"]
[WhiteElo "1822"]
[BlackElo "2158"]
[PlyCount "75"]
[EventDate "2014.03.07"]
[EventType "swiss"]
[EventRounds "6"]
[EventCountry "BRA"]
[SourceTitle "CBM 159 Extra"]
[Source "ChessBase"]
[SourceDate "2014.04.24"]
[SourceVersion "1"]
[SourceVersionDate "2014.04.24"]
[SourceQuality "1"]

1. Nf3 Nf6 2. g3 d5 3. d4 c6 4. Bg2 h6 5. Nbd2 Bf5 6. b3 e6 7. Bb2 Be7 8. 0-0 0-0 9. Rc1 Nbd7 10. Re1 Ne4 11. c4 Ndf6 12. a3 c5 13. Nf1 dxc4 14. Rxc4 Qb6 15. Ne3 Bh7 16. Rc1 Rfd8 17. Nc4 Qa6 18. e3 Rac8 19. Qe2 Qb5 20. Qd1 Qa6 21. Bf1 b5 22. Nce5 Qb7 23. Qe2 a6 24. Bg2 Qb8 25. dxc5 Bxc5 26. b4 Bd6 27. Nc6 Rxc6 28. Rxc6 Ng4 29. Rf1 h5 30. Rxa6 h4 31. Nxh4 Nxh2 32. Kxh2 Nxg3 33. fxg3 Bxg3+ 34. Kh1 Bxh4 35. Qg4 g5 36. Bf6 Bf5 37. Qh5 Rf8 38. Qh8# 1-0

[Event "Goiania-ch Phase 04 "]
[Site "Goiania"]
[Date "2013.11.10"]
[Round "5"]
[White "Wilhelms, Diego Lima"]
[Black "Silva, Vitor De Souza Mart"]
[Result "1-0"]
[WhiteElo "2124"]
[BlackElo "1982"]
[PlyCount "105"]
[EventDate "2013.11.08"]
[EventType "swiss"]
[EventRounds "6"]
[EventCountry "BRA"]
[SourceTitle "EXT 2016"]
[Source "ChessBase"]
[SourceDate "2015.10.08"]
[SourceVersion "1"]
[SourceVersionDate "2015.10.08"]
[SourceQuality "1"]

1. d4 Nf6 2. c4 g6 3. Nc3 Bg7 4. e4 d6 5. Nf3 0-0 6. Be2 Nbd7 7. 0-0 e5 8. Be3 Ng4 9. Bg5 f6 10. Bc1 Nh6 11. Re1 Nf7 12. Be3 f5 13. g3 Nf6 14. dxe5 dxe5 15. Qxd8 Rxd8 16. exf5 gxf5 17. Rad1 Bd7 18. c5 e4 19. Ng5 Ne5 20. Bf4 Ne8 21. Rd5 h6 22. Ngxe4 c6 23. Rxe5 Bxe5 24. Bxe5 fxe4 25. Bc4+ Kh7 26. Nxe4 Bf5 27. Nd6 Nxd6 28. cxd6 Kg6 29. f3 Re8 30. g4 Bd7 31. Kf2 a5 32. h4 b5 33. h5+ Kh7 34. Bd3+ Kg8 35. Bg6 Rf8 36. Kg3 Be8 37. Bb1 Bf7 38. Bf4 Bd5 39. Re7 Rf7 40. Rxf7 Kxf7 41. Bxh6 c5 42. Be3 c4 43. a3 b4 44. axb4 axb4 45. Bc5 c3 46. Bxb4 cxb2 47. Bc3 Ke6 48. Bxb2 Kxd6 49. f4 Ke6 50. h6 Rb8 51. Bf5+ Kf7 52. Be5 Rb3+ 53. Kh4 1-0

[Event "Goiania-ch Phase 04 "]
[Site "Goiania"]
[Date "2013.11.08"]
[Round "2"]
[White "Wilhelms, Diego Lima"]
[Black "De Paula, Guilherme Bueno"]
[Result "1-0"]
[WhiteElo "2124"]
[BlackElo "1969"]
[PlyCount "65"]
[EventDate "2013.11.08"]
[EventType "swiss"]
[EventRounds "6"]
[EventCountry "BRA"]
[SourceTitle "EXT 2016"]
[Source "ChessBase"]
[SourceDate "2015.10.08"]
[SourceVersion "1"]
[SourceVersionDate "2015.10.08"]
[SourceQuality "1"]

1. d4 f5 2. c4 Nf6 3. Nc3 g6 4. Nf3 Bg7 5. g3 d6 6. Bg2 0-0 7. 0-0 Qe8 8. d5 a5 9. Nd4 Na6 10. b3 Bd7 11. Bb2 g5 12. Qd2 Qg6 13. e3 Bh6 14. f4 Nc5 15. Rae1 Nfe4 16. Qc2 c6 17. a3 Nxc3 18. Qxc3 Ne4 19. Bxe4 fxe4 20. f5 Qf6 21. Qc2 Bg7 22. Rb1 Qf7 23. Qxe4 cxd5 24. cxd5 Bf6 25. Ne6 Rfc8 26. Nxg5 Qh5 27. Bxf6 exf6 28. Ne6 Bb5 29. Rf2 Qh6 30. a4 Ba6 31. Qf4 Qxf4 32. Nxf4 Bd3 33. Nxd3 1-0

[Event "Goiana-ch"]
[Site "Goiania"]
[Date "2012.12.01"]
[Round "7.4"]
[White "De Paula, Guilherme Bueno"]
[Black "Wilhelms, Diego Lima"]
[Result "1/2-1/2"]
[WhiteElo "2056"]
[BlackElo "2123"]
[PlyCount "97"]
[EventDate "2012.12.01"]
[EventType "tourn"]
[EventRounds "9"]
[EventCountry "BRA"]
[SourceTitle "EXT 2022"]
[Source "ChessBase"]
[SourceDate "2021.10.06"]
[SourceVersion "1"]
[SourceVersionDate "2021.10.06"]
[SourceQuality "1"]

1. c4 e5 2. g3 c6 3. d4 d6 4. Nc3 Nf6 5. dxe5 dxe5 6. Qxd8+ Kxd8 7. Bg5 Be7 8. 0-0-0+ Kc7 9. Bh3 Bxh3 10. Nxh3 Nbd7 11. Ne4 h6 12. Bxf6 Nxf6 13. Nxf6 Bxf6 14. Rd2 Rad8 15. Rhd1 Rxd2 16. Rxd2 Be7 17. Kc2 Bb4 18. Rd1 Bc5 19. e3 f5 20. Ng1 Re8 21. Rd2 g5 22. a3 a5 23. Nf3 Re6 24. Kc3 a4 25. Ne1 Be7 26. b4 axb3 27. Kxb3 e4 28. Nc2 Re5 29. Nd4 Kb6 30. a4 Kc7 31. Rd1 b6 32. Rd2 Bc5 33. Rd1 h5 34. Rd2 Bxd4 35. Rxd4 Ra5 36. Rd2 Re5 37. Kb4 f4 38. gxf4 gxf4 39. exf4 Rf5 40. Re2 Rxf4 41. Re3 Rxf2 42. Rxe4 Rxh2 43. Re7+ Kd6 44. Rh7 h4 45. Rh6+ Kc7 46. Rh7+ Kb8 47. a5 bxa5+ 48. Kxa5 Rb2 49. Rxh4 1/2-1/2

[Event "Goiana-ch"]
[Site "Goiania"]
[Date "2012.12.01"]
[Round "8.2"]
[White "Wilhelms, Diego Lima"]
[Black "Franca, Jairo Jr"]
[Result "1-0"]
[WhiteElo "2123"]
[BlackElo "1958"]
[PlyCount "82"]
[EventDate "2012.12.01"]
[EventType "tourn"]
[EventRounds "9"]
[EventCountry "BRA"]
[SourceTitle "EXT 2022"]
[Source "ChessBase"]
[SourceDate "2021.10.06"]
[SourceVersion "1"]
[SourceVersionDate "2021.10.06"]
[SourceQuality "1"]

1. e4 c5 2. Nf3 d6 3. d4 cxd4 4. Nxd4 Nf6 5. Nc3 a6 6. Be3 e5 7. Nb3 Be6 8. f3 Be7 9. Qd2 Nbd7 10. 0-0-0 b5 11. g4 b4 12. Nd5 Bxd5 13. exd5 a5 14. Kb1 a4 15. Nc1 Qa5 16. g5 Nh5 17. Nd3 Qxd5 18. Nxb4 Qxd2 19. Rxd2 Nf4 20. Nd5 Nxd5 21. Rxd5 0-0 22. Bb5 Rfd8 23. Rhd1 g6 24. Bc6 Rab8 25. Bxa4 f5 26. Bb3 Kg7 27. h4 f4 28. Bf2 h6 29. gxh6+ Kxh6 30. c4 Kg7 31. Bc2 Kf6 32. Rg1 Rg8 33. b3 Rg7 34. a4 Nf8 35. a5 Ne6 36. a6 Ra8 37. a7 Nd4 38. Rxd4 exd4 39. Bxd4+ Kf7 40. Be4 Rxa7 41. Bxa7 Bf6 1-0

[Event "Rio Verde Fexeg Cup"]
[Site "Rio Verde"]
[Date "2012.10.21"]
[Round "5"]
[White "Juliani, Sidney"]
[Black "Wilhelms, Diego Lima"]
[Result "0-1"]
[WhiteElo "1869"]
[BlackElo "2143"]
[PlyCount "72"]
[EventDate "2012.10.19"]
[EventType "swiss"]
[EventRounds "6"]
[EventCountry "BRA"]
[SourceTitle "EXT 2014"]
[Source "ChessBase"]
[SourceDate "2013.11.20"]
[SourceVersion "1"]
[SourceVersionDate "2013.11.20"]
[SourceQuality "1"]

1. e4 c5 2. Nc3 Nc6 3. g3 g6 4. Bg2 Bg7 5. f4 e6 6. Nf3 Nge7 7. d3 0-0 8. Be3 d6 9. 0-0 Rb8 10. Rb1 Nd4 11. Ne2 Nxf3+ 12. Bxf3 Nc6 13. h3 Nd4 14. Bg2 Nxe2+ 15. Qxe2 b6 16. c3 Bb7 17. d4 f5 18. exf5 exf5 19. Rfd1 Qe8 20. Qc4+ Kh8 21. Re1 Bxg2 22. Kxg2 Qe4+ 23. Kg1 Rbe8 24. Bf2 Qb7 25. dxc5 dxc5 26. Qb5 Rxe1+ 27. Rxe1 h5 28. a4 a6 29. Qd3 Kh7 30. Qd6 Rf6 31. Qd8 Qc6 32. Re7 Rd6 33. Qe8 Rd1+ 34. Be1 Qxe8 35. Rxe8 Ra1 36. Rb8 Rxe1+ 0-1

[Event "Rio Verde Fexeg Cup"]
[Site "Rio Verde"]
[Date "2012.10.19"]
[Round "1"]
[White "Wilhelms, Diego Lima"]
[Black "Garcia, Gabriel Gonzaga"]
[Result "0-1"]
[WhiteElo "2143"]
[BlackElo "1893"]
[PlyCount "94"]
[EventDate "2012.10.19"]
[EventType "swiss"]
[EventRounds "6"]
[EventCountry "BRA"]
[SourceTitle "EXT 2014"]
[Source "ChessBase"]
[SourceDate "2013.11.20"]
[SourceVersion "1"]
[SourceVersionDate "2013.11.20"]
[SourceQuality "1"]

1. e4 c6 2. d4 d5 3. Nc3 dxe4 4. Nxe4 Nf6 5. Nxf6+ exf6 6. Nf3 Bd6 7. Bd3 0-0 8. 0-0 Bg4 9. h3 Bh5 10. Re1 Qb6 11. c3 Nd7 12. Bf5 Rad8 13. Qd3 Bg6 14. b4 a5 15. a3 Qc7 16. Bd2 b5 17. Nh4 axb4 18. axb4 Bxf5 19. Nxf5 Nb6 20. Qf3 Rfe8 21. g3 Nd5 22. Kg2 Rxe1 23. Rxe1 Bf8 24. Re4 g6 25. Nh6+ Bxh6 26. Bxh6 Qd7 27. Bd2 Re8 28. Qe2 Rxe4 29. Qxe4 Qe6 30. Qf3 f5 31. g4 Qe4 32. gxf5 gxf5 33. Kg3 Qxf3+ 34. Kxf3 Kg7 35. Kg3 Kg6 36. Kh4 f4 37. Kg4 h5+ 38. Kf3 Kg5 39. Kg2 Kh4 40. Kh2 f3 41. Be1 f5 42. Bd2 f4 43. Be1 Kg5 44. Bd2 Kf5 45. Kg1 Ke4 46. Kf1 Kd3 47. Ke1 h4 0-1

[Event "Anapolis Interior-ch"]
[Site "Anapolis"]
[Date "2012.08.05"]
[Round "6"]
[White "De Paula, Rafael Figueiredo"]
[Black "Wilhelms, Diego Lima"]
[Result "1-0"]
[WhiteElo "2079"]
[BlackElo "2155"]
[PlyCount "91"]
[EventDate "2012.08.03"]
[EventType "swiss"]
[EventRounds "6"]
[EventCountry "BRA"]
[SourceTitle "EXT 2014"]
[Source "ChessBase"]
[SourceDate "2013.11.20"]
[SourceVersion "1"]
[SourceVersionDate "2013.11.20"]
[SourceQuality "1"]

1. e4 e5 2. Nf3 Nf6 3. Nxe5 d6 4. Nf3 Nxe4 5. d3 Nf6 6. d4 d5 7. Bd3 Bd6 8. 0-0 0-0 9. c4 dxc4 10. Bxc4 Nc6 11. Nc3 Bg4 12. Be3 Qd7 13. Re1 Qf5 14. Be2 Nb4 15. Rc1 Rae8 16. h3 Bxf3 17. Bxf3 Nd3 18. Be4 Nxe4 19. Qxd3 Qg6 20. Nb5 Bb4 21. Red1 c6 22. Nxa7 Bd6 23. d5 cxd5 24. Qxd5 Re6 25. Qxb7 Rfe8 26. Rc8 h6 27. Nb5 Be5 28. Nc7 Bxc7 29. Rxe8+ Rxe8 30. Qxc7 Kh7 31. Qc2 f5 32. b4 Qh5 33. Rd7 Nf6 34. Qd1 Qg6 35. Rd6 Qf7 36. a4 Qc4 37. Rxf6 Rxe3 38. fxe3 gxf6 39. Qd4 Qc1+ 40. Kh2 Kg6 41. Qf4 Qc3 42. b5 Qc5 43. Qb8 Qa3 44. b6 Qxa4 45. b7 Kh5 46. Qf4 1-0

[Event "Anapolis Interior-ch"]
[Site "Anapolis"]
[Date "2012.08.03"]
[Round "2"]
[White "Franca, Jairo Jr"]
[Black "Wilhelms, Diego Lima"]
[Result "0-1"]
[WhiteElo "1929"]
[BlackElo "2155"]
[PlyCount "60"]
[EventDate "2012.08.03"]
[EventType "swiss"]
[EventRounds "6"]
[EventCountry "BRA"]
[SourceTitle "EXT 2014"]
[Source "ChessBase"]
[SourceDate "2013.11.20"]
[SourceVersion "1"]
[SourceVersionDate "2013.11.20"]
[SourceQuality "1"]

1. e4 e5 2. Nf3 Nf6 3. Nxe5 d6 4. Nf3 Nxe4 5. d3 Nf6 6. d4 d5 7. Bd3 Bd6 8. 0-0 0-0 9. Bg5 h6 10. Bh4 Be6 11. Ne5 c5 12. c3 Nc6 13. Nxc6 bxc6 14. Nd2 Bxh2+ 15. Kh1 Bd6 16. dxc5 Bxc5 17. Nb3 Be7 18. Nd4 Qd7 19. Re1 Ne4 20. Qh5 Bg4 21. Qe5 Bxh4 22. Bxe4 Rae8 23. Bf5 Bxf5 24. Qxf5 Qxf5 25. Nxf5 Bxf2 26. Re7 Kh7 27. Rf1 Bc5 28. Rc7 Re6 29. Nd4 Re4 30. Nxc6 Rh4# 0-1

[Event "Anapolis Interior-ch"]
[Site "Anapolis"]
[Date "2012.08.03"]
[Round "1"]
[White "Wilhelms, Diego Lima"]
[Black "Juliani, Sidney"]
[Result "1-0"]
[WhiteElo "2155"]
[BlackElo "1822"]
[PlyCount "49"]
[EventDate "2012.08.03"]
[EventType "swiss"]
[EventRounds "6"]
[EventCountry "BRA"]
[SourceTitle "EXT 2014"]
[Source "ChessBase"]
[SourceDate "2013.11.20"]
[SourceVersion "1"]
[SourceVersionDate "2013.11.20"]
[SourceQuality "1"]

1. e4 c5 2. Nf3 g6 3. d4 cxd4 4. Nxd4 Bg7 5. c4 Nf6 6. Nc3 d6 7. Be2 0-0 8. 0-0 Bd7 9. Be3 h5 10. f4 Ng4 11. Bxg4 Bxg4 12. Qd2 Bd7 13. f5 Kh7 14. Nf3 Nc6 15. fxg6+ fxg6 16. Ng5+ Kh8 17. Rxf8+ Qxf8 18. Rf1 Bf6 19. Nd5 Ne5 20. Bd4 Qg7 21. c5 Nc4 22. Bxf6 exf6 23. Nf7+ Kg8 24. Qc3 Ne5 25. Nxf6+ 1-0

[Event "Goias zt"]
[Site "Itaborai"]
[Date "2012.04.22"]
[Round "5"]
[White "Wilhelms, Diego Lima"]
[Black "De Paula, Rafael Figueiredo"]
[Result "1-0"]
[WhiteElo "2170"]
[BlackElo "2041"]
[PlyCount "78"]
[EventDate "2012.04.20"]
[EventType "swiss"]
[EventRounds "6"]
[EventCountry "BRA"]
[SourceTitle "CBM 148 Extra"]
[Source "ChessBase"]
[SourceDate "2012.06.22"]
[SourceVersion "1"]
[SourceVersionDate "2012.06.22"]
[SourceQuality "1"]

1. d4 d5 2. c4 e6 3. Nc3 Nf6 4. Nf3 c6 5. e3 Nbd7 6. Bd3 dxc4 7. Bxc4 b5 8. Bd3 a6 9. 0-0 c5 10. Qe2 Bb7 11. Rd1 Qc7 12. a3 Bd6 13. Bd2 0-0 14. Rac1 Qb8 15. h3 e5 16. dxe5 Nxe5 17. Nxe5 Bxe5 18. f4 c4 19. Bb1 Bd6 20. Rf1 Re8 21. e4 Qa7+ 22. Kh1 g6 23. e5 Nh5 24. Kh2 Bc5 25. Be4 Rad8 26. Bxb7 Qxb7 27. Ne4 Be7 28. g4 Ng7 29. f5 Rd4 30. Rce1 Bh4 31. Bc3 Rd3 32. Rd1 Red8 33. Rxd3 Rxd3 34. Rf3 Qd5 35. fxg6 hxg6 36. Rxd3 cxd3 37. Qf3 Ne8 38. g5 Bf2 39. e6 Bb6 1-0

[Event "Goias zt"]
[Site "Itaborai"]
[Date "2012.04.20"]
[Round "2"]
[White "Wilhelms, Diego Lima"]
[Black "Franca, Jairo"]
[Result "1-0"]
[WhiteElo "2170"]
[BlackElo "1881"]
[PlyCount "113"]
[EventDate "2012.04.20"]
[EventType "swiss"]
[EventRounds "6"]
[EventCountry "BRA"]
[SourceTitle "CBM 148 Extra"]
[Source "ChessBase"]
[SourceDate "2012.06.22"]
[SourceVersion "1"]
[SourceVersionDate "2012.06.22"]
[SourceQuality "1"]

1. e4 c5 2. Nf3 d6 3. d4 cxd4 4. Nxd4 Nf6 5. Nc3 a6 6. Bg5 e6 7. f4 Qb6 8. Nb3 Be7 9. Qd2 Nc6 10. 0-0-0 0-0 11. Be2 Rd8 12. g4 d5 13. Bxf6 Bxf6 14. exd5 Bxc3 15. Qxc3 exd5 16. Bf3 Be6 17. Qc5 Qxc5 18. Nxc5 b6 19. Nxe6 fxe6 20. Rhe1 Ne7 21. Rxe6 Ra7 22. Rxb6 Kf7 23. c4 Rc8 24. Bxd5+ Nxd5 25. Rxd5 Rxc4+ 26. Kd2 Rxf4 27. Rf5+ Rxf5 28. gxf5 a5 29. a4 g6 30. fxg6+ hxg6 31. Ke3 Re7+ 32. Kf3 Kg7 33. Rb5 Ra7 34. Kg4 Kh6 35. h4 Ra6 36. b3 Kg7 37. Kg5 Kf8 38. Rb7 Kg8 39. Kh6 Kf8 40. Kh7 Ke8 41. Kg7 Rd6 42. Rb5 Rd4 43. Kxg6 Rxh4 44. Rxa5 Rb4 45. Re5+ Kd7 46. Re3 Kc6 47. Kf5 Kc5 48. Ke5 Rh4 49. Re4 Rh5+ 50. Ke6 Rh6+ 51. Kd7 Rb6 52. Re5+ Kb4 53. Kc7 Rg6 54. Rb5+ Kc3 55. a5 Rg7+ 56. Kb6 Rg6+ 57. Ka7 1-0

[Event "Goiania op"]
[Site "Goiania"]
[Date "2011.09.18"]
[Round "5"]
[White "Wilhelms, Diego Lima"]
[Black "De Arruda, Filho Ivo Pereira"]
[Result "1-0"]
[WhiteElo "2160"]
[BlackElo "1935"]
[PlyCount "109"]
[EventDate "2011.09.16"]
[EventType "swiss"]
[EventRounds "6"]
[EventCountry "BRA"]
[SourceTitle "EXT 2014"]
[Source "ChessBase"]
[SourceDate "2013.11.20"]
[SourceVersion "1"]
[SourceVersionDate "2013.11.20"]
[SourceQuality "1"]

1. d4 Nf6 2. c4 e6 3. Nf3 Bb4+ 4. Bd2 Bxd2+ 5. Nbxd2 0-0 6. e4 d6 7. e5 dxe5 8. dxe5 Ne8 9. Qc2 Nc6 10. a3 Nd4 11. Nxd4 Qxd4 12. Nf3 Qf4 13. Bd3 g6 14. 0-0 c5 15. Rae1 f5 16. exf6 Qxf6 17. Re5 b6 18. Rfe1 Ng7 19. h4 Bd7 20. Ng5 Rac8 21. h5 h6 22. Qd2 hxg5 23. Bxg6 Rcd8 24. Rxg5 Be8 25. Qe3 Qf4 26. h6 Qxe3 27. Rxe3 Rf6 28. Bxe8 Rxe8 29. Rxg7+ Kh8 30. Rxa7 Rxh6 31. Rb7 e5 32. Rh3 Rxh3 33. gxh3 Re6 34. Kg2 Rg6+ 35. Kf3 Rf6+ 36. Ke3 Rf4 37. b3 Rh4 38. Rxb6 Rxh3+ 39. Ke4 Kg7 40. a4 Kf7 41. a5 Ke7 42. Kxe5 Rd3 43. Rb7+ Kd8 44. a6 Kc8 45. Rb5 Kc7 46. f4 Rd8 47. a7 Ra8 48. Rxc5+ Kb6 49. Rb5+ Ka6 50. f5 Rxa7 51. f6 Rc7 52. Kd6 Rh7 53. b4 Rh4 54. f7 Rxc4 55. Ra5+ 1-0

[Event "Goiania IRT Jao"]
[Site "Goiania"]
[Date "2010.11.06"]
[Round "3.2"]
[White "Wilhelms, Diego Lima"]
[Black "De Paula, Luciano Alves"]
[Result "1-0"]
[WhiteElo "2149"]
[BlackElo "1718"]
[PlyCount "45"]
[EventDate "2010.11.01"]
[EventType "swiss"]
[EventRounds "6"]
[EventCountry "BRA"]
[SourceTitle "EXT 2022"]
[Source "ChessBase"]
[SourceDate "2021.10.06"]
[SourceVersion "1"]
[SourceVersionDate "2021.10.06"]
[SourceQuality "1"]

1. d4 d5 2. c4 c6 3. Nf3 Nf6 4. Nc3 e6 5. e3 Nbd7 6. Bd3 Bd6 7. 0-0 0-0 8. e4 dxe4 9. Nxe4 Nxe4 10. Bxe4 h6 11. Re1 e5 12. Bc2 exd4 13. Qxd4 Nf6 14. Bd2 Bg4 15. Bc3 Bxf3 16. gxf3 Qc7 17. Qh4 Nh7 18. Kh1 Ng5 19. Rg1 Bf4 20. Rg4 Ne6 21. Rxg7+ Nxg7 22. Qf6 Rae8 23. Qxg7# 1-0

[Event "Brasilia 50 years"]
[Site "Brasilia"]
[Date "2010.04.20"]
[Round "7.3"]
[White "Mariano, Marceley Martins"]
[Black "Wilhelms, Diego Lima"]
[Result "0-1"]
[WhiteElo "2042"]
[BlackElo "2131"]
[PlyCount "126"]
[EventDate "2010.04.17"]
[EventType "swiss"]
[EventRounds "9"]
[EventCountry "BRA"]
[SourceTitle "EXT 2022"]
[Source "ChessBase"]
[SourceDate "2021.10.06"]
[SourceVersion "1"]
[SourceVersionDate "2021.10.06"]
[SourceQuality "1"]

1. e4 e5 2. f4 exf4 3. Bc4 Qh4+ 4. Kf1 Nf6 5. Nf3 Qh5 6. d4 d5 7. exd5 Nxd5 8. Qe2+ Be6 9. Bxd5 Qxd5 10. Nc3 Qc4 11. Bxf4 Na6 12. Kf2 Qxe2+ 13. Nxe2 Be7 14. c3 0-0 15. b4 Rac8 16. a4 Rfe8 17. Rae1 Nb8 18. Ng3 Nd7 19. a5 Nf6 20. Rc1 h5 21. Rb1 h4 22. Nf1 b5 23. axb6 cxb6 24. Bd2 b5 25. Ne3 Ne4+ 26. Ke2 Bf6 27. Kd3 Nf2+ 28. Kc2 Ng4 29. h3 Nxe3+ 30. Bxe3 Bf5+ 31. Kd2 Bxb1 32. Rxb1 Rc6 33. Kd3 Kh7 34. Nh2 Rxc3+ 35. Kxc3 Rxe3+ 36. Kd2 Bxd4 37. Nf3 Bb6 38. Nxh4 Rg3 39. Ke2 g5 40. Nf5 Rxg2+ 41. Kf3 Rf2+ 42. Ke4 f6 43. Nd6 Kg6 44. Nxb5 Rf5 45. Nd6 Re5+ 46. Kf3 Re3+ 47. Kg2 Bc7 48. Nb5 Bb8 49. Nd4 Rg3+ 50. Kf2 Rxh3 51. Nc6 Bc7 52. Nxa7 g4 53. Nc6 f5 54. Ne7+ Kg5 55. Nd5 Bd6 56. b5 f4 57. Nxf4 Kxf4 58. Kg2 Rd3 59. Rf1+ Kg5 60. Rb1 Rd2+ 61. Kh1 g3 62. Rc1 Bf4 63. Rc3 Kg4 0-1

[Event "Brasilia 50 years"]
[Site "Brasilia"]
[Date "2010.04.19"]
[Round "6.4"]
[White "Martins, Romildo Magalhaes"]
[Black "Wilhelms, Diego Lima"]
[Result "1/2-1/2"]
[WhiteElo "2131"]
[BlackElo "2131"]
[PlyCount "87"]
[EventDate "2010.04.17"]
[EventType "swiss"]
[EventRounds "9"]
[EventCountry "BRA"]
[SourceTitle "EXT 2022"]
[Source "ChessBase"]
[SourceDate "2021.10.06"]
[SourceVersion "1"]
[SourceVersionDate "2021.10.06"]
[SourceQuality "1"]

1. e4 e5 2. Nf3 Nf6 3. Nxe5 d6 4. Nf3 Nxe4 5. d4 d5 6. Bd3 Nc6 7. 0-0 Be7 8. Nbd2 Nxd2 9. Bxd2 Bg4 10. c3 0-0 11. Re1 Bd6 12. h3 Bh5 13. g4 Bg6 14. Bg5 f6 15. Bh4 Ne7 16. Qc2 Qd7 17. Re2 Bxd3 18. Qxd3 h5 19. Nh2 Bxh2+ 20. Kxh2 hxg4 21. Rg1 gxh3 22. Re3 Kf7 23. Qe2 g6 24. Qf3 Nf5 25. Qg4 Qd6+ 26. Kh1 Nxh4 27. Qxh4 Rh8 28. Qg4 f5 29. Qf3 Rae8 30. Rxe8 Kxe8 31. Re1+ Kf7 32. Re5 c6 33. Qg3 Qf6 34. Qe3 Rh5 35. Re8 f4 36. Qe2 Rh8 37. Rxh8 Qxh8 38. Qg4 Qh6 39. f3 Ke7 40. Qc8 Qg5 41. Qxb7+ Kf8 42. Qc8+ Kg7 43. Qxh3 Qe7 44. Qg4 1/2-1/2

[Event "Brasilia 50 years"]
[Site "Brasilia"]
[Date "2010.04.19"]
[Round "5.2"]
[White "Wilhelms, Diego Lima"]
[Black "Freire, Andrey Carvalho"]
[Result "1/2-1/2"]
[WhiteElo "2131"]
[BlackElo "2061"]
[PlyCount "40"]
[EventDate "2010.04.17"]
[EventType "swiss"]
[EventRounds "9"]
[EventCountry "BRA"]
[SourceTitle "EXT 2022"]
[Source "ChessBase"]
[SourceDate "2021.10.06"]
[SourceVersion "1"]
[SourceVersionDate "2021.10.06"]
[SourceQuality "1"]

1. d4 Nf6 2. c4 c5 3. d5 b5 4. cxb5 a6 5. bxa6 g6 6. Nc3 d6 7. e4 Bg7 8. Bb5+ Nbd7 9. Qe2 0-0 10. Nf3 Qb6 11. Nd2 Bxa6 12. Nc4 Qa7 13. 0-0 Rfb8 14. Bxa6 Qxa6 15. Re1 Rb4 16. Nd2 Ne5 17. Rb1 Nd3 18. a3 Nxe1 19. axb4 Qxe2 20. Nxe2 cxb4 1/2-1/2